GROUPS - Harry Potter and the Order of the Phoenix - Statistics

General Stats
  • This quiz has been taken 189 times
    38 since last reset
  • The average score is 27 of 36
Answer Stats
Hint Answer % Correct
Dumbledore's Army Harry Potter
97%
Dumbledore's Army Hermione Granger
97%
Dumbledore's Army Ron Weasley
97%
Teachers Umbridge Inspects Severus Snape
97%
Main Order Members Severus Snape
97%
Teachers Umbridge Inspects Sybill Trelawney
97%
Main Order Members Albus Dumbledore
93%
Main Order Members Arthur Weasley
93%
Dumbledore's Army Ginny Weasley
93%
Dumbledore's Army Luna Lovegood
93%
Main Order Members Molly Weasley
93%
Main Order Members Nymphadora Tonks
93%
Main Order Members Remus Lupin
93%
Dumbledore's Army Cho Chang
90%
Patronous Otter
90%
Patronous Stag
90%
Patronous Dog
87%
Teachers Umbridge Inspects Filius Flitwick
87%
Dumbledore's Army Fred Weasley
87%
Dumbledore's Army George Weasley
87%
Main Order Members Sirius Black
87%
Dumbledore's Army Neville Longbottom
83%
Teachers Umbridge Inspects Rubeus Hagrid
80%
Main Order Members Alastor "Mad-Eye" Moody
77%
Patronous Hare
73%
Main Order Members Kingsley Shacklebolt
73%
Creatures Thestrals
67%
Creatures Grawp
53%
Patronous Horse
53%
Creatures Kreacher
50%
Creatures Centaurs
43%
Patronous Swan
43%
Weasley & Weasley Products Puking Pastilles
37%
Weasley & Weasley Products Thor's Thunder Cracker
27%
Weasley & Weasley Products Extendable Ear
23%
Weasley & Weasley Products Fever Fudge
13%
No matching quizzes found
Score Distribution
Percent of People with Each Score
Percentile by Number Answered
Your Score History
You have not taken this quiz since the last reset